Stay (Feat. Patrick Wilson) Lyrics-Ghost - Statistics

General Stats
  • This quiz has been taken 72 times
  • The average score is 124 of 167
Answer Stats
Answer % Correct
Stay
91%
stay
91%
me
86%
the
86%
you
86%
You
86%
And
82%
and
82%
If
82%
if
82%
with
82%
your
82%
in
77%
In
77%
of
77%
That
77%
to
77%
up
77%
world
77%
you're
77%
back
73%
be
73%
better
73%
Don't
73%
don't
73%
hope
73%
I'll
73%
is
73%
it
73%
make
73%
on
73%
own
73%
pray
73%
safe
73%
thin
73%
this
73%
you'll
73%
anywhere
68%
chains
68%
escape
68%
for
68%
go
68%
think
68%
understand
68%
wearing
68%
When
68%
when
68%
alone
64%
can
64%
Just
64%
only
64%
Only
64%
room
64%
thinking
64%
will
64%
wrap
64%
beg
59%
darkness
59%
floor
59%
more
59%
try
59%
You'd
59%
at
55%
must
55%
night
55%
no
55%
pride
55%
silence
55%
sleep
55%
spell
55%
There
55%
between
50%
break
50%
But
50%
'Cause
50%
dreams
50%
hear
50%
tell
50%
time
50%
cries
45%
one
45%
They
45%
wake
41%
day
36%
No matching quizzes found
Score Distribution
Percent of People with Each Score
Percentile by Number Answered
Your Score History
You have not taken this quiz